<?xml version="1.0" encoding="UTF-8"?>
<record
    xmlns:xsi="http://www.w3.org/2001/XMLSchema-instance"
    xsi:schemaLocation="http://www.loc.gov/MARC21/slim http://www.loc.gov/standards/marcxml/schema/MARC21slim.xsd"
    xmlns="http://www.loc.gov/MARC21/slim">

  <leader>00938nam a2200205 a 4500</leader>
  <controlfield tag="008">120416s1995    ||||||||||||||||| ||    u</controlfield>
  <datafield tag="020" ind1=" " ind2=" ">
    <subfield code="a">0435285343</subfield>
  </datafield>
  <datafield tag="050" ind1=" " ind2=" ">
    <subfield code="a">HF 5030 Nee</subfield>
  </datafield>
  <datafield tag="100" ind1=" " ind2=" ">
    <subfield code="a">Needhave, Dave</subfield>
  </datafield>
  <datafield tag="245" ind1="1" ind2="0">
    <subfield code="a">Business for higher awards</subfield>
  </datafield>
  <datafield tag="246" ind1=" " ind2=" ">
    <subfield code="a">Dave Needhave [and others]</subfield>
  </datafield>
  <datafield tag="260" ind1=" " ind2=" ">
    <subfield code="a">Oxford</subfield>
    <subfield code="b">BUTTERWORTH HEINEMANN</subfield>
    <subfield code="c">1995</subfield>
  </datafield>
  <datafield tag="300" ind1=" " ind2=" ">
    <subfield code="a">iv ; 710p. ;ill.</subfield>
  </datafield>
  <datafield tag="350" ind1=" " ind2=" ">
    <subfield code="a">0.00</subfield>
  </datafield>
  <datafield tag="650" ind1=" " ind2="0">
    <subfield code="a">BUSINESS</subfield>
  </datafield>
  <datafield tag="650" ind1=" " ind2=" ">
    <subfield code="a">AWARDS--BUSINESS</subfield>
  </datafield>
  <datafield tag="995" ind1=" " ind2=" ">
    <subfield code="a">BINDERY (DAMAGED)</subfield>
    <subfield code="D">0.00</subfield>
    <subfield code="e">730590</subfield>
    <subfield code="F">CBU-MAIN LIBRARY (Kitwe)</subfield>
    <subfield code="H">2</subfield>
    <subfield code="I">40.00</subfield>
    <subfield code="j">HF 5030 Nee</subfield>
    <subfield code="U">DAMAGED</subfield>
    <subfield code="W">Jun 6, 2006</subfield>
    <subfield code="y">027499</subfield>
    <subfield code="Z">Main Library Open Access Collection</subfield>
  </datafield>
  <datafield tag="995" ind1=" " ind2=" ">
    <subfield code="a">BINDERY (DAMAGED)</subfield>
    <subfield code="D">0.00</subfield>
    <subfield code="e">730591</subfield>
    <subfield code="F">CBU-MAIN LIBRARY (Kitwe)</subfield>
    <subfield code="H">1</subfield>
    <subfield code="I">40.00</subfield>
    <subfield code="j">HF 5030 Nee</subfield>
    <subfield code="M">1</subfield>
    <subfield code="U">DAMAGED</subfield>
    <subfield code="y">027498</subfield>
    <subfield code="Z">Main Library Open Access Collection</subfield>
  </datafield>
  <datafield tag="995" ind1=" " ind2=" ">
    <subfield code="a">MAIN LIBRARY OPEN ACCESS</subfield>
    <subfield code="D">0.00</subfield>
    <subfield code="e">730592</subfield>
    <subfield code="F">CBU-MAIN LIBRARY (Kitwe)</subfield>
    <subfield code="H">3</subfield>
    <subfield code="I">40.00</subfield>
    <subfield code="j">HF 5030 Nee</subfield>
    <subfield code="M">3</subfield>
    <subfield code="U">AVAILABLE</subfield>
    <subfield code="W">Nov 2, 2006</subfield>
    <subfield code="y">027497</subfield>
    <subfield code="Z">Main Library Open Access Collection</subfield>
  </datafield>
  <datafield tag="999" ind1=" " ind2=" ">
    <subfield code="c">79014</subfield>
    <subfield code="d">79014</subfield>
  </datafield>
</record>
